Silent Disney Quiz Stats

 Plays Quiz Updated Feb 13, 2019

Score 0/24 Timer 06:00
3 Plays Today
% Correct
Dumbo
99.6%
Tinker Bell
84.4%
Dopey
82.8%
Sven
81.9%
Magic Carpet
80.6%
Pegasus
70%
Jack-Jack
68.7%
Bullseye
58.3%
Rajah
54.5%
Nana
54.1%
Pascal
51.7%
Lucifer
49.7%
% Correct
The Headless Horseman
45.5%
Kevin
43.5%
Meeko
42.3%
Maximus
41.2%
Figaro
35.1%
Monstro
30.3%
Yen Sid
27.1%
Percy
25.6%
Pua
23.2%
Cri-Kee
19.2%
Khan
13%
Evinrude
11.7%

You're not logged in!

Compare scores with friends on all Sporcle quizzes.
OR
Log In

Sporcle TV

Today on Sporcle TV


Watch our educational content, quiz creation guides, and fun videos on Sporcle TV.

Show Comments

Extras

Top Quizzes Today


Score Distribution

Your Account Isn't Verified!

In order to create a playlist on Sporcle, you need to verify the email address you used during registration. Go to your Sporcle Settings to finish the process.

Report this User

Report this user for behavior that violates our Community Guidelines.

Details: